| 000 | 00000nam##2200000za#4500 |
| 001 | 9.604311 |
| 003 | CaOODSP |
| 005 | 20250403105144 |
| 007 | cr ||||||||||| |
| 008 | 150406|1995||||xxc|||||o f|0| 0 fre|d |
| 022 | |a1205-9161 |
| 040 | |aCaOODSP|bfre |
| 043 | |an-cn--- |
| 086 | 1 |aCS11-0019/80F-PDF |
| 245 | 00|aPourquoi l'inégalité des gains hebdomadaires a-t-elle augmenté au Canada? / |h[ressource électronique]|cpar René Morissette. |
| 260 | |aOttawa - Ontario : |bStatistique Canada |cJuillet 1995. |
| 300 | |a62p.|bgraphiques, références, tableaux |
| 490 | 1 |aDocuments de recherche - Direction des études analytiques|x1205-9161|vN° 80 |
| 500 | |aLe n° de catalogue (11F0019MPF) et l'ISBN (0-662-99184-2) de l'édition imprimée ont été incorrectement copiés dans l'édition électronique. |
| 590 | |a12-34-Supp|b2012-07-31 |
| 691 | 07|aSalaire|2gcpds |
| 691 | 07|aÉgalité des chances|2gcpds |
| 710 | 2 |aStatistique Canada. |
| 720 | 1 |aMorissette, René |
| 775 | 08|tWhy has inequality in weekly earnings increased in Canada? / |w(CaOODSP)9.574569 |
| 776 | 0#|tPourquoi l'inégalité des gains hebdomadaires a-t-elle augmenté au Canada? / |w(CaOODSP)9.623486 |
| 830 | #0|aDocuments de recherche (Statistique Canada. Direction des études analytiques)|x1205-9161|vN° 80|w(CaOODSP)9.500842 |
| 856 | 40|ahttp://publications.gc.ca|qPDF|s321 Ko|uhttps://publications.gc.ca/collections/Collection/CS11-0019-80F.pdf|yN° 80 |